000 nam a22 a 4500
999 _c474668
_d474668
003 BLK
005 20220930094451.0
008 180411b bul|||||r ||||||| ||bul||
040 _aBLK
041 _aDEU
_cDEU
080 _aРазлични производства (промишлености) и занаяти. Лека промишленост
_b67/68
_x(497.2)
_z67/68(497.2)
080 _aХранителна и консервна промишленост
_b664
_x(497.2)
_z664(497.2)
080 _aТехническа микробиология. Технология на напитките. Технология на вкусовите вещества
_b663
_x(497.2)
_z663(497.2)
100 _aBobcevski, Aleksandar
_eпърви автор
_9479860
139 _aBobcevski, Aleksandar
245 _aBulgarien Leichtindustre Nahrungsmittelindustrie Genussmittelindustrie
_b[Очерк]
_cAlexander Bobtschevski ; прев. от бълг.
257 _aBGR
260 _aSofia
_bSofia-Press
_c1974
_9217007
300 _a48 с.
_bс ил.
_c20 см
380 _a62
490 _9479637
_a30 Jahre seit der sozialistischen Revolution in Bulgarien
500 _aПрев. е направен от ръкоп.
650 0 _aЛека промишленост - България
_9243578
650 0 _aХранително-вкусова промишленост
_9249788
650 7 _aНапитки
_9163223
700 1 _aБобчевски, Александър Петров
_939924
852 _aЦб 72084
_bЦб
942 _cKNG
_n0
_s1
944 _aCR
_c2022-09-30
_kКети